000 00838nac a22002171u 4500
010 _a 93205674
020 _a0333576780 :
082 0 0 _a690
_bS452
090 _c4108
_d4108
100 _aSeeley, Ivor H.
245 1 0 _aBuilding technology /
_cIvor H. Seeley.
250 _a5th ed.
260 _aHoundmills, Basingstoke :
_bMacmillan,
_c1995.
300 _axiv, 313 p. :
_bill. ;
_c26 cm.
440 0 _aMacmillan building and surveying series
504 _aIncludes bibliographical references and index.
650 0 _aBuilding.
942 _cBB
_k690S452
999 _c4108
_d4108